Bandeiras com Gravidade #2 - Statistics

Estatísticas Gerais
  • Esse quiz foi jogado 29 vezes
  • A pontuação média é 15 de 16
Estatísticas das Respostas
Imagem Resposta % Correto
Austrália
100%
Turquia
100%
Angola
96%
Barbados
96%
Bosnia & Herzegovina
96%
Coreia do Norte
96%
Panamá
96%
Kosovo
93%
Líbia
93%
Belize
89%
Fiji
89%
Lesoto
89%
Turquemenistão
86%
Taiwan
82%
Nauru
75%
Ilhas Salomão
71%
Nenhum quiz correspondente encontrado
Distribuição das Pontuações
Porcentagem de Pessoas com Cada Pontuação
Percentil de Números Respondidos
Sua Pontuação Histórica
Você não jogou esse quiz